000 00620nam a22002297a 4500
003 UA-OsUOA
001 64039
007 ta
008 20091027b un ||||| |||| 00| 0 ukr d
100 _aОрлова Н.С.
700 _aІващенко А.І.
090 _a330(477)
_bО-66
942 _cSA
040 _aUA-OsUOA
_bukr
_cUA-OsUOA
_dUA-OsUOA
245 _aСтратегічне управління розвитком економіки України
300 _aС.14-19
955 _a0
041 _aukr
080 _a330(477)
773 0 _w64038
650 7 _a330 Економіка взагалі
_2UDC
999 _c350148
_d350148